00848cam a2200253 a 4500999001500000001000600015003000900021005001700030008004100047020001800088035002300106040004300129082001800172100001800190245006300208260005500271300004100326650002000367650002400387650003400411700002100445942001200466952011600478 c2919d291920792BD-DhUAP20200229152809.0200229s20182011enka b 001 0deng  a9789063692537 a(OCoLC)ocm51841593 aUKMcUKMdORUdIXAdC#PdBD-DhUAPbEng04a745.2 EIS2231 aEissen, Koos.10aSketching :bthe basics /cKoos Eissen and Roselien Steur. aLondon :bBIS Publishers,cc2011 [Reprinted 2018]. a202 pages :billustrations ;c28 cm. aProduct design. aDrawingxTechnique. aFreehand technical sketching. aSteur, Roselien. 2ddccBK 00102ddc4070aUAPCLbUAPCLcGeneral Stacksd2020-02-29o745.2 EISp3010020792r2020-02-29t1w2020-02-29yBK